Ali İle Ramazan (Record no. 2507)

000 -LEADER
fixed length control field 00458nam a22001817a 4500
008 - FIXED-LENGTH DATA ELEMENTS--GENERAL INFORMATION
fixed length control field 171221b xxu||||| |||| 00| | tur d
020 ## - INTERNATIONAL STANDARD BOOK NUMBER
International Standard Book Number 9786051114811
041 ## - LANGUAGE CODE
Language code of text/sound track or separate title Türkçe
050 ## - LIBRARY OF CONGRESS CALL NUMBER
Classification number PL248.M26
100 ## - MAIN ENTRY--PERSONAL NAME
Personal name Mağden, Perihan
9 (RLIN) 700
245 ## - TITLE STATEMENT
Title Ali İle Ramazan
250 ## - EDITION STATEMENT
Edition statement 1. Baskı
260 ## - PUBLICATION, DISTRIBUTION, ETC.
Place of publication, distribution, etc. İstanbul
Name of publisher, distributor, etc. Doğan Kitap
Date of publication, distribution, etc. Şubat 2010
300 ## - PHYSICAL DESCRIPTION
Extent 162 Sayfa
500 ## - GENERAL NOTE
General note Türkçe Edebiyat: 23
650 #0 - SUBJECT ADDED ENTRY--TOPICAL TERM
9 (RLIN) 145
Topical term or geographic name entry element Türk Edebiyatı
942 ## - ADDED ENTRY ELEMENTS (KOHA)
Source of classification or shelving scheme
Koha item type Books
Holdings
Withdrawn status Lost status Source of classification or shelving scheme Damaged status Not for loan Permanent Location Current Location Shelving location Date acquired Full call number Barcode Date last seen Price effective from Koha item type
        Ödünç verilemez İmren Ahmet Tüzün Kütüphanesi İmren Ahmet Tüzün Kütüphanesi Ahmet Tüzün 2018-09-28 PL248.M26 100100002467 2018-09-28 2018-09-28 Books

This software was implemented, installed and managed by Devinim Software Training Consulting .